LEADER 01415nam0 22003131i 450 001 UON00038894 005 20231205102136.844 100 $a20020107d1959 |0itac50 ba 101 $afre 102 $aFR 105 $a|||| 1|||| 200 1 $aDiverses recherches archéologiques en Afghanistan (1933-1940)$fJ. Hackin, J. Carl et J. Meunié$gavec des études de R. Ghirshman et J.-C. Gardin 210 $aParis$cPresses Universitaires de France$d1959 215 $aXII, 140 p., p. di tav.$d30 cm 311 $aAFG X 002 (8)$9UON00000380 410 0$1001UON00000380$12001 $aMémoires de la Délégation Archéologique Française en Afghanistan$v8 AFG X 002 (8) 606 $aArcheologia$xAfghanistan$3UONC011823$2FI 620 $aFR$dParis$3UONL002984 686 $aAFG X$cAFGHANISTAN - ARCHEOLOGIA$2A 700 1$aHACKIN$bJean$3UONV001352$0636933 701 1$aCARL$bJ.$3UONV024849$0647454 701 1$aMEUNIE'$bJacques$3UONV020379$0644919 712 $aPresses Universitaires de France$3UONV245970$4650 801 $aIT$bSOL$c20251017$gRICA 899 $aSIBA - SISTEMA BIBLIOTECARIO DI ATENEO$2UONSI 912 $aUON00038894 950 $aSIBA - SISTEMA BIBLIOTECARIO DI ATENEO$dSI AFG X 002 (08) $eSI ARC417 7 002 (08) 996 $aDiverses recherches archéologiques en Afghanistan (1933-1940$91154039 997 $aUNIOR